[Event "CZE-chT2a 0607"]
[Site "Czech Republic"]
[Date "2007.04.15"]
[Round "11.7"]
[White "Vavra, Jan"]
[Black "Janda, Jiri"]
[Result "0-1"]
[WhiteElo "2098"]
[BlackElo "2114"]
[PlyCount "46"]
[EventDate "2006.10.15"]
[EventType "team"]
[EventRounds "11"]
[EventCountry "CZE"]
[SourceTitle "EXT 2009"]
[Source "ChessBase"]
[SourceDate "2008.11.26"]
[SourceVersion "1"]
[SourceVersionDate "2008.11.26"]
[SourceQuality "1"]
[WhiteTeam "Vrsovice II"]
[BlackTeam "Kobylisy"]
[WhiteTeamCountry "CZE"]
[BlackTeamCountry "CZE"]

1. Nf3 Nf6 2. d4 g6 3. Bf4 Bg7 4. Nbd2 d5 5. h3 Nbd7 6. e3 0-0 7. Bd3 c5 8. c3 b6 9. Ne5 Bb7 10. Qf3 Nh5 11. Bh2 Nxe5 12. dxe5 f6 13. g4 fxe5 14. Qg2 Nf6 15. Bxe5 Ne4 16. Nxe4 Bxe5 17. Ng5 Qd6 18. h4 Qf6 19. f4 Bxc3+ 20. bxc3 Qxc3+ 21. Ke2 c4 22. Bxg6 hxg6 23. Rad1 d4 0-1

[Event "CZE-chT2a 0405"]
[Site "Czech Republic"]
[Date "2005.03.06"]
[Round "9.6"]
[White "Vavra, Jan"]
[Black "Hruby, Milan"]
[Result "1/2-1/2"]
[WhiteElo "2129"]
[BlackElo "2104"]
[PlyCount "47"]
[EventDate "2004.10.17"]
[EventType "team"]
[EventRounds "11"]
[EventCountry "CZE"]
[SourceTitle "EXT 2007"]
[Source "ChessBase"]
[SourceDate "2006.11.23"]
[SourceVersion "1"]
[SourceVersionDate "2006.11.23"]
[SourceQuality "1"]
[WhiteTeam "Vrsovice"]
[BlackTeam "Tabor II"]
[WhiteTeamCountry "CZE"]
[BlackTeamCountry "CZE"]

1. Nf3 Nf6 2. d4 b5 3. Bf4 e6 4. Nbd2 Bb7 5. e3 b4 6. Bd3 Be7 7. Qe2 0-0 8. e4 c5 9. dxc5 Bxc5 10. e5 Nd5 11. Bxh7+ Kxh7 12. Ng5+ Kg6 13. Qd3+ f5 14. Qg3 Qe7 15. Qh4 Nxf4 16. Qh7+ Kxg5 17. h4+ Kg4 18. f3+ Kg3 19. Nf1+ Kxg2 20. Rh2+ Kxf3 21. Nd2+ Kg3 22. Nf1+ Kf3 23. Nd2+ Kg3 24. Nf1+ 1/2-1/2

[Event "CZE-chT2 0304"]
[Site "Czech Republic"]
[Date "2003.??.??"]
[Round "?"]
[White "Vavra, Jan"]
[Black "Herskovic, Radek"]
[Result "0-1"]
[WhiteElo "2115"]
[BlackElo "2140"]
[PlyCount "90"]
[EventDate "2003.10.??"]
[EventType "team"]
[EventRounds "11"]
[EventCountry "CZE"]
[SourceTitle "EXT 2007"]
[Source "ChessBase"]
[SourceDate "2006.11.23"]
[SourceVersion "1"]
[SourceVersionDate "2006.11.23"]
[SourceQuality "1"]

1. Nf3 Nf6 2. d4 g6 3. Bf4 Bg7 4. Nbd2 d5 5. h3 0-0 6. e3 Nbd7 7. Bd3 c5 8. c3 b6 9. Ne5 Bb7 10. Qf3 Rc8 11. g4 Nxe5 12. Bxe5 Qd7 13. Qg3 Rfd8 14. f3 Ne8 15. Bxg7 Nxg7 16. f4 Qd6 17. h4 cxd4 18. cxd4 Rc7 19. Qg2 Qb4 20. h5 Qxb2 21. Rb1 Qa3 22. Rb3 Qd6 23. Ke2 Bc8 24. Nf3 gxh5 25. gxh5 Qh6 26. Ng5 f5 27. Nf3 e6 28. Ne5 Ba6 29. Kd2 Bxd3 30. Kxd3 Rdc8 31. Qf3 Rc1 32. Rh2 a5 33. Rg2 a4 34. Rxb6 R1c3+ 35. Ke2 Rc2+ 36. Kf1 Rc1+ 37. Ke2 R1c2+ 38. Kf1 Rxg2 39. Kxg2 Nxh5 40. Rb7 Nf6 41. Qg3+ Ng4 42. Nxg4 fxg4 43. Qxg4+ Kh8 44. Qh3 Rg8+ 45. Kh2 Qg6 0-1

[Event "CZE-chT2a 0001"]
[Site "Czech Republic"]
[Date "2001.??.??"]
[Round "7"]
[White "Vavra, Jan"]
[Black "Hala, Bohumil"]
[Result "0-1"]
[WhiteElo "2130"]
[BlackElo "2275"]
[PlyCount "38"]
[EventDate "2000.??.??"]
[EventType "team"]
[EventRounds "11"]
[EventCountry "CZE"]
[SourceTitle "EXT 2003"]
[Source "ChessBase"]
[SourceDate "2002.11.25"]
[SourceVersion "1"]
[SourceVersionDate "2002.11.25"]
[SourceQuality "1"]

1. d4 Nf6 2. Bg5 Ne4 3. Bf4 d5 4. f3 Nf6 5. Qd3 c5 6. dxc5 Nc6 7. Nc3 e5 8. Bg5 Be6 9. 0-0-0 d4 10. Qb5 Qc7 11. Na4 Be7 12. e3 h6 13. Bxf6 Bxf6 14. exd4 exd4 15. Nh3 0-0 16. Bc4 Bd7 17. Nf2 Na5 18. Qb4 Nxc4 19. Qxc4 b5 0-1

[Event "CZE-chTJ 0001"]
[Site "Czech Republic"]
[Date "2001.??.??"]
[Round "4"]
[White "Vavra, Jan"]
[Black "Richtrova, Eliska"]
[Result "1/2-1/2"]
[WhiteElo "2250"]
[BlackElo "2250"]
[PlyCount "26"]
[EventDate "2000.??.??"]
[EventType "team"]
[EventRounds "11"]
[EventCountry "CZE"]
[SourceTitle "EXT 2003"]
[Source "ChessBase"]
[SourceDate "2002.11.25"]
[SourceVersion "1"]
[SourceVersionDate "2002.11.25"]
[SourceQuality "1"]

1. Nf3 Nf6 2. d4 d6 3. c3 g6 4. Bf4 Bg7 5. h3 0-0 6. Nbd2 b5 7. e3 c6 8. a4 Bd7 9. axb5 cxb5 10. Qb3 Qb6 11. Nc4 Qc7 12. Na3 a6 13. Be2 Nc6 1/2-1/2

[Event "CZE-chTJ 0001"]
[Site "Czech Republic"]
[Date "2001.??.??"]
[Round "4"]
[White "Vavra, Jan"]
[Black "Slajs, Vlastimil"]
[Result "1-0"]
[WhiteElo "2250"]
[BlackElo "2130"]
[PlyCount "83"]
[EventDate "2000.??.??"]
[EventType "team"]
[EventRounds "11"]
[EventCountry "CZE"]
[SourceTitle "EXT 2003"]
[Source "ChessBase"]
[SourceDate "2002.11.25"]
[SourceVersion "1"]
[SourceVersionDate "2002.11.25"]
[SourceQuality "1"]

1. Nf3 Nf6 2. d4 d5 3. Bf4 Bf5 4. e3 e6 5. Ne5 Nbd7 6. g4 Bg6 7. h4 h6 8. Nxg6 fxg6 9. Bd3 Ne4 10. f3 g5 11. hxg5 Nxg5 12. Bg6+ Nf7 13. Qe2 c6 14. Bxf7+ Kxf7 15. Nd2 Be7 16. Bg3 c5 17. c3 Rc8 18. f4 Bf6 19. Nf3 Qe7 20. e4 dxe4 21. Ne5+ Bxe5 22. dxe5 c4 23. Qxe4 Nc5 24. Qxc4 Rhd8 25. 0-0 Nd3 26. Qb3 Qc5+ 27. Kh2 Qd5 28. Qc2 h5 29. gxh5 Rh8 30. Qe2 g6 31. Qf3 Rxh5+ 32. Kg2 Qb5 33. Rab1 Rd8 34. Rfd1 Rd5 35. b3 Qd7 36. Qe3 Qc6 37. Qf3 Qd7 38. c4 Rd4 39. Rd2 Rh8 40. Rbd1 Rd8 41. Bh4 Kg8 42. Kg3 1-0

[Event "CZE-chTJ 0001"]
[Site "Czech Republic"]
[Date "2000.??.??"]
[Round "5"]
[White "Drabek, Miloslav"]
[Black "Vavra, Jan"]
[Result "1/2-1/2"]
[WhiteElo "2110"]
[BlackElo "2250"]
[PlyCount "47"]
[EventDate "2000.??.??"]
[EventType "team"]
[EventRounds "11"]
[EventCountry "CZE"]
[SourceTitle "EXT 2002"]
[Source "ChessBase"]
[SourceDate "2001.11.25"]
[SourceVersion "1"]
[SourceVersionDate "2001.11.25"]
[SourceQuality "1"]

1. d4 Nf6 2. Nf3 d5 3. c4 c6 4. Nbd2 Bf5 5. Nh4 Bg4 6. h3 Bh5 7. g4 Bg6 8. Bg2 e6 9. Nxg6 hxg6 10. Qc2 Bd6 11. Nf3 Ne4 12. Ne5 Qa5+ 13. Kf1 Bxe5 14. dxe5 Nd7 15. Bxe4 dxe4 16. Qxe4 Qxe5 17. Qc2 0-0-0 18. Be3 Nf6 19. Kg2 a6 20. Rad1 Rxd1 21. Qxd1 Qe4+ 22. Kg1 Nxg4 23. Bb6 c5 24. Qd6 1/2-1/2

[Event "CZE-chT2 9900"]
[Site "Czech Republic"]
[Date "2000.??.??"]
[Round "?"]
[White "Nun, Josef"]
[Black "Vavra, Jan"]
[Result "1/2-1/2"]
[WhiteElo "2320"]
[BlackElo "2300"]
[PlyCount "30"]
[EventDate "1999.??.??"]
[EventType "team"]
[EventRounds "11"]
[EventCountry "CZE"]
[SourceTitle "EXT 2001"]
[Source "ChessBase"]
[SourceDate "2000.11.22"]
[SourceVersion "1"]
[SourceVersionDate "2000.11.22"]
[SourceQuality "1"]

1. Nf3 Nf6 2. g3 g6 3. Bg2 Bg7 4. d4 d5 5. b3 0-0 6. Bb2 Bf5 7. Nbd2 Qc8 8. h3 Re8 9. Ne5 c5 10. g4 Be6 11. e3 Nfd7 12. Nxd7 Qxd7 13. Nf3 Nc6 14. c3 cxd4 15. cxd4 h6 1/2-1/2

[Event "CZE-chTJ 0001"]
[Site "Czech Republic"]
[Date "2000.??.??"]
[Round "3"]
[White "Vavra, Jan"]
[Black "Cisler, Petr"]
[Result "0-1"]
[WhiteElo "2250"]
[BlackElo "2190"]
[PlyCount "86"]
[EventDate "2000.??.??"]
[EventType "team"]
[EventRounds "11"]
[EventCountry "CZE"]
[SourceTitle "EXT 2002"]
[Source "ChessBase"]
[SourceDate "2001.11.25"]
[SourceVersion "1"]
[SourceVersionDate "2001.11.25"]
[SourceQuality "1"]

1. Nf3 d5 2. d4 Nf6 3. Bf4 Bf5 4. e3 e6 5. Ne5 Nfd7 6. Nd2 Nxe5 7. Bxe5 Nd7 8. Bg3 c5 9. c3 Be7 10. Be2 0-0 11. 0-0 Nf6 12. Qb3 b6 13. Ba6 Bd6 14. f4 b5 15. a4 c4 16. Qd1 b4 17. a5 Rb8 18. Bh4 Bd3 19. Re1 bxc3 20. bxc3 Be7 21. Bxf6 Bxf6 22. Qa4 Qd6 23. Bb5 a6 24. Bc6 Rfc8 25. Bd7 Rd8 26. Bc6 Rdc8 27. Bd7 Rc7 28. Be8 Kf8 29. Bxf7 Kxf7 30. Ra2 Kg8 31. Nf3 Qd7 32. Qa3 Be7 33. Qc1 Bd6 34. Qd2 Rcb7 35. h3 h6 36. Kh2 Rb3 37. Rc1 Qb7 38. Qe1 Rb1 39. Qd2 Rb2 40. Rxb2 Qxb2 41. Qe1 Qe2 42. Qg1 Rb2 43. Kh1 Be4 0-1

[Event "CZE-chT2"]
[Site "Czech Republic"]
[Date "1999.??.??"]
[Round "?"]
[White "Petera, Petr"]
[Black "Vavra, Jan"]
[Result "1-0"]
[WhiteElo "2015"]
[BlackElo "2300"]
[PlyCount "59"]
[EventDate "1999.??.??"]
[EventType "team"]
[EventRounds "11"]
[EventCountry "CZE"]
[SourceTitle "EXT 2003"]
[Source "ChessBase"]
[SourceDate "2002.11.25"]
[SourceVersion "1"]
[SourceVersionDate "2002.11.25"]
[SourceQuality "1"]

1. d4 Nf6 2. Nf3 d5 3. c4 c6 4. Nc3 Bf5 5. cxd5 Nxd5 6. Qb3 Nxc3 7. bxc3 Qb6 8. Bf4 Nd7 9. Nd2 Nf6 10. Nc4 Qxb3 11. axb3 Nd5 12. Bd2 f6 13. f3 b5 14. Na5 Bd7 15. e4 Nb6 16. c4 e6 17. c5 Nc8 18. b4 g6 19. d5 exd5 20. exd5 cxd5 21. c6 Be6 22. Bxb5 Rb8 23. Nb7 Kf7 24. 0-0 g5 25. f4 f5 26. fxg5 Bg7 27. Rae1 Re8 28. Bf4 Ra8 29. c7 Nb6 30. Nd6+ 1-0

[Event "CZE-chT2"]
[Site "Czech Republic"]
[Date "1999.??.??"]
[Round "?"]
[White "Pokorny, Petr"]
[Black "Vavra, Jan"]
[Result "1-0"]
[WhiteElo "2165"]
[BlackElo "2300"]
[PlyCount "93"]
[EventDate "1999.??.??"]
[EventType "team"]
[EventRounds "11"]
[EventCountry "CZE"]
[SourceTitle "EXT 2003"]
[Source "ChessBase"]
[SourceDate "2002.11.25"]
[SourceVersion "1"]
[SourceVersionDate "2002.11.25"]
[SourceQuality "1"]

1. d4 Nf6 2. Nf3 d5 3. c4 c6 4. cxd5 cxd5 5. Nc3 Nc6 6. Bf4 Qb6 7. Na4 Qa5+ 8. Bd2 Qc7 9. e3 Ne4 10. Rc1 Bg4 11. Bb5 e6 12. h3 Bxf3 13. gxf3 Nxd2 14. Qxd2 Bd6 15. Nc5 a6 16. Bxc6+ bxc6 17. f4 0-0 18. Rc3 Qe7 19. Nd3 Rfc8 20. Qc2 Bb4 21. Nxb4 Qxb4 22. a3 Qb6 23. 0-0 Rc7 24. Rc1 Rac8 25. Rb3 Qa5 26. Qc3 Qxc3 27. Rcxc3 Kf8 28. Rc5 Ke7 29. Rb6 Ra7 30. Ra5 Rca8 31. Rxc6 Kd7 32. Rcc5 Rb8 33. b4 Rb6 34. Kf1 Rab7 35. Ke2 f5 36. Rc1 Rc7 37. Rac5 Rxc5 38. Rxc5 g6 39. Kd3 Kd8 40. Kc3 Kd7 41. Kb3 h6 42. h4 Ke7 43. Ka4 Kf6 44. Ka5 Rd6 45. a4 g5 46. h5 gxf4 47. exf4 1-0

[Event "CZE-chT2 9798"]
[Site "Czech Republic"]
[Date "1998.??.??"]
[Round "5.3"]
[White "Cisler, Petr"]
[Black "Vavra, Jan"]
[Result "0-1"]
[WhiteElo "2170"]
[BlackElo "2255"]
[PlyCount "42"]
[EventDate "1997.??.??"]
[EventType "team"]
[EventRounds "11"]
[EventCountry "CZE"]
[SourceTitle "EXT 1999"]
[Source "ChessBase"]
[SourceDate "1998.11.16"]
[SourceVersion "1"]
[SourceVersionDate "1998.11.16"]
[SourceQuality "1"]

1. e4 e6 2. d4 d5 3. e5 c5 4. Nf3 Nc6 5. Bd3 cxd4 6. 0-0 Qb6 7. Re1 Nge7 8. a3 Ng6 9. c3 dxc3 10. Nxc3 Be7 11. h4 Nxh4 12. Ng5 Bxg5 13. Bxg5 Ng6 14. Qh5 a6 15. Rad1 Qxb2 16. Nxd5 exd5 17. e6 0-0 18. exf7+ Rxf7 19. Bxg6 Qxf2+ 20. Kh2 hxg6 21. Qxg6 Bf5 0-1

[Event "CZE-chTV"]
[Site "Czech Republic"]
[Date "1998.??.??"]
[Round "?"]
[White "Pacovsky, Jiri"]
[Black "Vavra, Jan"]
[Result "1-0"]
[WhiteElo "2340"]
[BlackElo "2255"]
[PlyCount "39"]
[EventDate "1998.??.??"]
[EventType "team"]
[EventRounds "11"]
[EventCountry "CZE"]
[SourceTitle "EXT 2003"]
[Source "ChessBase"]
[SourceDate "2002.11.25"]
[SourceVersion "1"]
[SourceVersionDate "2002.11.25"]
[SourceQuality "1"]

1. c4 Nf6 2. Nc3 c6 3. e4 e5 4. d4 Bb4 5. dxe5 Nxe4 6. Qd4 Qa5 7. Nge2 Nc5 8. Nf4 Nb3 9. axb3 Qxa1 10. Nd3 c5 11. Qg4 0-0 12. Be2 d6 13. Qg3 Bxc3+ 14. bxc3 Qxc3+ 15. Bd2 Qa1+ 16. Bc1 Bf5 17. 0-0 Bxd3 18. Bf4 Qd4 19. Bxd3 dxe5 20. Bxe5 1-0

[Event "CZE-chTV"]
[Site "Czech Republic"]
[Date "1998.??.??"]
[Round "?"]
[White "Vavra, Jan"]
[Black "Vltavsky, Vladimir"]
[Result "1-0"]
[WhiteElo "2255"]
[BlackElo "2260"]
[PlyCount "91"]
[EventDate "1998.??.??"]
[EventType "team"]
[EventRounds "11"]
[EventCountry "CZE"]
[SourceTitle "EXT 2003"]
[Source "ChessBase"]
[SourceDate "2002.11.25"]
[SourceVersion "1"]
[SourceVersionDate "2002.11.25"]
[SourceQuality "1"]

1. Nf3 c5 2. c3 Nf6 3. d4 e6 4. Bf4 Qb6 5. Qb3 Nc6 6. e3 Nd5 7. Bg3 f5 8. c4 Qxb3 9. axb3 Ndb4 10. Na3 Na5 11. Nd2 cxd4 12. exd4 Be7 13. Be2 0-0 14. f4 Nac6 15. Nf3 Bf6 16. Bf2 d6 17. 0-0 e5 18. fxe5 dxe5 19. dxe5 Nxe5 20. Bc5 Nxf3+ 21. Bxf3 Nd3 22. Bxf8 Kxf8 23. Nb5 a6 24. Be2 Nc5 25. Nc7 Rb8 26. b4 Nb3 27. Rad1 Nd4 28. Bd3 g6 29. Nd5 Bg7 30. g4 b5 31. gxf5 gxf5 32. cxb5 axb5 33. Bxf5 Nxf5 34. Ne3 Bxb2 35. Nxf5 Bxf5 36. Rxf5+ Kg7 37. Rdd5 Rc8 38. Rxb5 Rc2 39. Rg5+ Kf6 40. Rg2 Rc1+ 41. Kf2 Be5 42. Kf3 Rh1 43. Rb6+ Kf5 44. Rh6 Rb1 45. Rh5+ Ke6 46. Re2 1-0

[Event "CZE-chTV"]
[Site "Czech Republic"]
[Date "1998.??.??"]
[Round "?"]
[White "Vavra, Jan"]
[Black "Zemanek, Ivo"]
[Result "1-0"]
[WhiteElo "2255"]
[BlackElo "2170"]
[PlyCount "61"]
[EventDate "1998.??.??"]
[EventType "team"]
[EventRounds "11"]
[EventCountry "CZE"]
[SourceTitle "EXT 2003"]
[Source "ChessBase"]
[SourceDate "2002.11.25"]
[SourceVersion "1"]
[SourceVersionDate "2002.11.25"]
[SourceQuality "1"]

1. Nf3 Nf6 2. d4 c6 3. Bf4 d5 4. Nbd2 g6 5. h3 Bg7 6. e3 0-0 7. Bd3 b6 8. Ne5 Nfd7 9. Ndf3 Nxe5 10. Nxe5 Qe8 11. Ng4 f6 12. Bh6 Bxh6 13. Nxh6+ Kg7 14. Ng4 e5 15. dxe5 fxe5 16. e4 h5 17. Qd2 hxg4 18. hxg4 Rh8 19. 0-0-0 d4 20. Qg5 Kf7 21. f4 Be6 22. fxe5 Nd7 23. Rdf1+ Kg7 24. Rxh8 Kxh8 25. Qh6+ Kg8 26. Rh1 Kf7 27. Rf1+ Kg8 28. Rh1 Kf7 29. Qh7+ Kf8 30. Rf1+ Bf7 31. Bc4 1-0